000 00375nam a2200109Ia 4500
008 221009s9999 xx 000 0 und d
082 _a891.433/MIT/N
100 _aमित्र ,विमल
_967295
245 0 _aसब झूठ है
260 _bसजल पब्लिशर्स एण्‍ड डिस्‍ट्रीब्‍यूटर्स
942 _cBK
999 _c65075
_d65075